Similar Flags - Statistics

General Stats
  • This quiz has been taken 27 times
  • The average score is 17 of 20
Answer Stats
Picture Answer % Correct
Indonesia
95%
Poland
95%
Somalia
95%
Australia
90%
Bangladesh
90%
India
90%
Ireland
90%
Ivory Coast
90%
Japan
90%
Monaco
90%
New Zealand
90%
United States
90%
Jamaica
86%
Niger
86%
Scotland
86%
Liberia
81%
Micronesia
76%
Senegal
76%
Singapore
76%
Cameroon
71%
No matching quizzes found
Score Distribution
Percent of People with Each Score
Percentile by Number Answered
Your Score History
You have not taken this quiz